000 00490nam a2200193Ia 4500
005 20250326124228.0
008 250326s9999 xx 000 0 und d
037 _aTextbook
040 _aFMSL
_beng
_cFMSL
041 _aeng
_2eng
084 _aX:51 L7;7
_qFMSL
100 _aEnis B M
_9737045
245 0 _aMarketing principles
_cEnis B M
250 _a2
260 _aUSA
_bUSA, Goodyear
_c1977
300 _a615p
942 _cTB
_hX:51 L7;7
999 _c1272847
_d1272847